000
00299nam a22001337a 4500
008
170621b xxu||||| |||| 00| 0 eng d
020
_a
9780876094143
041
_a
eng
080
_a
32
100
_a
20
101
_a
SHP
245
_a
SECURING PAKISTAN'S TRIBAL BELT
_c
MARKEY, D
942
_2
udc
_c
BK
999
_c
18562
_d
18562